| 000 | 00650nam a2200205 u 4500 | ||
|---|---|---|---|
| 005 | 20240210063844.0 | ||
| 008 | 081203s2006 r 000 0 eng d | ||
| 020 | _a8479787554 | ||
| 035 | _aUPN01000168312 | ||
| 049 | _aCG | ||
| 050 | 4 |
_aHD30.2 _bA7.3 2006 |
|
| 100 | 1 | _aArboníes, Angel Luis | |
| 245 | 1 | 0 |
_aConocimiento para innovar : _bcómo evitar la miopía en la gestión de conocimiento / _cAngel L. Arboníes. |
| 250 | _a2a ed. | ||
| 260 |
_aMadrid : _bDíaz de Santos, _cc2006. |
||
| 300 |
_axix, 311 p. : _bcuadros |
||
| 650 | 4 |
_aAdministración del conocimiento _9495 |
|
| 650 | 4 |
_aSociedad de la información _94894 |
|
| 905 | _aLibro | ||
| 999 |
_c140419 _d140419 |
||